• Monti, Ludwig,

di Personal Name

Records bibliografici associati: 1

001 - CONTROL NUMBER

  • control field: 57673

003 - CONTROL NUMBER IDENTIFIER

  • control field:

005 - DATE AND TIME OF LATEST TRANSACTION

  • control field: 20190323155802.0

008 - FIXED-LENGTH DATA ELEMENTS

  • fixed length control field: 190323|| aca||aabn | a|a d

040 ## - CATALOGING SOURCE

  • Original cataloging agency:
  • Transcribing agency:

100 ## - HEADING--PERSONAL NAME

  • Personal name: Monti, Ludwig,
  • Dates associated with a name: 1974-,
  • Relator term: autore.

670 ## - SOURCE DATA FOUND

  • Source citation: Work cat.: ()0: Monti, Ludwig, 1974-, autore., I Salmi: preghiera e vita :
CREDITS: SOCIETA' SAN PAOLO Via A.Severo, 58 - ROMA (RM) & PERIODICI SAN PAOLO SRL Via Giotto, 36 MILANO & CISF Via Giotto, 36 MILANO & EDIZIONI SAN PAOLO SRL,  Piazza Soncino, 5 CINISELLO BALSAMO (MI) -- ITALY